00835naa a22002297a 4500001001000000003000900010005001700019007000300036008003400039040005400073041000900127072001400136100002700150245013200177260003800309500009100347650001000438650002400448650001900472650001500491773009900506BR7908805BR-BrBNA20240918174532.0ta230509b bl.||||| |||| 00| 0 por d aBR-BrBNAbporcBiblioteca Nacional de Agricultura a(Pt) aF30b01201 aMiranda Filho, J.B. de1 aAvaliacao de familias de meios irmaos do segundo ciclo de selecao da populacao ESALQ-PB 1 de milho [Zea mays, genetica vegetal]3 aPiracicaba, SP (Brasil): c1979.  aRelatorio cientifico 1979 Piracicaba, SP (Brasil): 1979. p. 149-158 (BR7908805-AM)F30  aMILHO aPOPULACAO DE PLANTA aSELECAO MASSAL aCRUZAMENTO0 tRelatorio cientifico 1979 : no. 13 / w0120 BR7908790gPiracicaba, SP (Brasil), 1979. q309 p.